Λιμάνια της Λέσβου
Αποθηκεύτηκε σε:
| Κύριος συγγραφέας: | |
|---|---|
| Μορφή: | Βιβλίο |
| Γλώσσα: | Greek |
| Δημοσίευση: |
Μυτιλήνη :
Πετράς,
1999.
|
| Θέματα: | |
| Ετικέτες: |
Προσθήκη ετικέτας
Δεν υπάρχουν, Καταχωρήστε ετικέτα πρώτοι!
|
MARC
| LEADER | 00000cam a2200000 i 4500 | ||
|---|---|---|---|
| 001 | 1/23129 | ||
| 008 | 011112s1999 gr | ||| |||| ||gre|| | ||
| 035 | |l 10067605 | ||
| 040 | |a GR-MY-UA |b gre |e aacr | ||
| 041 | 0 | |a gre | |
| 082 | 7 | |a 938.974 | |
| 100 | 1 | |a Μολίνος, Στρατής Αλ., |d 1940- | |
| 245 | 1 | 0 | |a Λιμάνια της Λέσβου / |c Στρατής Αλ. Μολίνος. |
| 260 | |a Μυτιλήνη : |b Πετράς, |c 1999. | ||
| 300 | |a 107 σ. : |b φωτ. ; |c 24 εκ. | ||
| 650 | 0 | |a Harbors |z Greece |z Mytilene (Lesbos) | |
| 852 | |a INST |b LESVOS |e 20011112 |h 938.974 ΜΟΛ |p 005100025164 |q 005100025164 |t BK |y 0 | ||
| 852 | |a INST |b LESVOS |e 20231123 |h 938.974 ΜΟΛ |p 005100065631 |q 005100065631 |t BK |y 0 | ||
| 950 | |a 023-2001-11-02 | ||
| 970 | |a ΚΑΜΑΤΣΟΥ |b ΔΕΣΠΟΙΝΑ |z 2002/09/12 | ||